000 00642nam a2200217Ia 4500
003 OSt
005 20220923221910.0
006 a|||||r|||| 00| 0
007 ta
008 220922b |||||||| |||| 00| 0 hin d
024 _a200,923
037 _cTextual
040 _aARTS
_cARTS
_bhin
041 _2hin
_ahin
082 _aO168:1L59x, 152J9;1
100 _aसंसार चन्द्र
_9156318
245 0 _aबहादुर शाह ज़फ़र
246 _aBahādur shāh ज़फ़ra
942 _hO168:1L59x, 152J9;1
_cTEXL
_2CC
999 _c352586
_d352586